Co to za kraj? - Statystyki

Ogólne statystyki
  • Ten quiz został rozwiązany 66 razy
  • Średni wynik to 15 z 30
Statystyki odpowiedzi
Obrazkowy Odpowiedź % Poprawnych
Polska
100%
Rosja
89%
Włochy
74%
Norwegia
67%
Wielka Brytania
67%
Cypr
65%
Hiszpania
65%
Niemcy
65%
Francja
63%
Austria
61%
Japonia
59%
Meksyk
59%
Indie
57%
Chiny
54%
Maroko
54%
Portugalia
54%
Czechy
52%
Ukraina
50%
Watykan
43%
Holandia
41%
Laos
41%
Kosowo
39%
Irak
30%
Belgia
24%
Estonia
24%
Gruzja
24%
Czarnogóra
20%
Liechtenstein
17%
Honduras
15%
Uganda
13%
Nie znaleziono quizów pasujących do podanych kryteriów
Rozkład punktacji
Procent ludzi z każdym wynikiem
Percentyl według liczby udzielonych odpowiedzi
Twoja historia wyników
Nie rozwiązałeś tego quizu